|
|
|
|
| LEADER |
00000nab a2200000 a 4500 |
| 001 |
vtls000918531 |
| 003 |
SK-MaSNL |
| 005 |
20260303034222.0 |
| 008 |
040720e19930609xo 0 slo |
| 035 |
|
|
|a KE27408
|
| 040 |
|
|
|a KEVKJB
|b slo
|c KEVKJB
|e AACR2
|
| 041 |
0 |
|
|a slo
|
| 044 |
|
|
|a xo
|c SK
|
| 080 |
|
|
|a 796.322
|2 1981
|
| 080 |
|
|
|a 929
|2 1981
|
| 100 |
1 |
|
|a Čintalan, Gabriel
|4 aut
|9 880520
|
| 245 |
1 |
0 |
|a Zostali mu len spomienky
|b Z galérie bývalých športovcov
|
| 590 |
|
|
|a Vršanský, Rudolf
|b masér hádzanárov VSŽ
|
| 600 |
1 |
7 |
|a Vršanský, Rudolf
|2 KEVKJB
|9 1019209
|
| 650 |
0 |
7 |
|a hádzaná
|2 KEVKJB
|9 3292
|
| 650 |
0 |
7 |
|a profily
|2 KEVKJB
|9 28648
|
| 651 |
|
7 |
|a KE,
|2 KEVKJB
|9 877256
|
| 655 |
|
7 |
|a periodikum
|2 snkbucl
|9 29553
|
| 773 |
0 |
8 |
|t Oceľ východu
|g Roč. 33
|g Roč. 28, č.23, 9.6.1993, s. 8
|
| 852 |
|
|
|a ZVYKNI
|b KIS3GCP
|
| 999 |
|
|
|c 1672775
|d 1674705
|